Don Giovanni In Sicilia

Salvato in:
Dettagli Bibliografici
Autore principale: Vitaliano Brancati
Natura: Libro
Lingua:lingua imprecisata
Pubblicazione: I Classici Edizione Speciale
Tags: Aggiungi Tag
Nessun Tag, puoi essere il primo ad aggiungerne!!

MARC

LEADER 00000nam a2200000Ia 4500
001 R-305
003 CODICE-MESSINA
005 20260212102450.0
008 260211s9999 xx 000 0 und d
040 |c importazione_messina 
100 |a Vitaliano Brancati 
245 0 |a Don Giovanni In Sicilia 
260 |b I Classici Edizione Speciale 
942 |2 ddc  |c BK 
952 |0 0  |1 0  |2 ddc  |4 0  |6 SCAFFALE_4_000000000000000__LETTERATURA  |7 0  |9 31127  |a ME  |b ME  |d 2026-02-11  |l 0  |o SCAFFALE 4 - LETTERATURA  |p R-305  |r 2026-02-11 23:52:21  |w 2026-02-11  |x [REVISIONARE]  |y BK 
999 |c 26789  |d 26789